| 000 | 00513nam a2200157Ia 4500 | ||
|---|---|---|---|
| 008 | 210719s2007 xx 000 0 und d | ||
| 041 | _aeng | ||
| 082 | _a332.1 LASC | ||
| 100 | _aLASRADO (Jason John) | ||
| 245 | _aCredit and recovery policies credit cards of HDFC Bank | ||
| 260 |
_aMangalore _bDepartment of Business Management St Aloysius College _c2007 |
||
| 300 |
_a54 _bHB |
||
| 650 | _aManagement | ||
| 650 | _aProject Reports | ||
| 906 | _aand ; Bank ; cards ; Credit ; HDFC ; of ; policies ; recovery | ||
| 999 |
_c214455 _d214455 |
||